00879cam a2200253 a 4500001000800000005001700008008004100025010001700066020002200083040001800105050002300123082001200146100002000158245007900178260004900257300003400306500002000340504003000360650003100390700002000421700002400441856008600465856007400551326233120170105102355.0820925s1981 enka b 001 0 eng  a 81066366  a0122839528 (pbk.) aDLCcDLCdDLC00aQA402.5b.G54 198100a5152191 aGill, Philip E.10aPractical optimizationcPhilip E. Gill, Walter Murray, Margaret H. Wright. aLondon ;aNew York :bAcademic Press,c1981. axvi, 401 p. :bill. ;c25 cm. aIncludes index. aBibliography: p. 363-387. 0aMathematical optimization.1 aMurray, Walter.1 aWright, Margaret H.423Publisher descriptionuhttp://www.loc.gov/catdir/description/els033/81066366.html413Table of contentsuhttp://www.loc.gov/catdir/toc/els031/81066366.html